[Event "Wch FIDE Online U18 Africa qual"]
[Site "Tornelo INT"]
[Date "2020.11.28"]
[Round "1"]
[White "Rajoarimanana, Fanahy Fortunat"]
[Black "Schnabel, Johann Emil"]
[Result "0-1"]
[WhiteElo "1303"]
[BlackElo "1744"]
[PlyCount "74"]
[EventDate "2020.11.28"]
[EventType "swiss (rapid)"]
[EventRounds "7"]
[EventCountry "ISS"]
[SourceTitle "EXT 2022"]
[Source "ChessBase"]
[SourceDate "2021.10.06"]
[SourceVersion "1"]
[SourceVersionDate "2021.10.06"]
[SourceQuality "1"]

1. e4 c5 2. Nf3 Nc6 3. d4 cxd4 4. Nxd4 g6 5. Nc3 Bg7 6. Be3 Nf6 7. Bc4 0-0 8. Bb3 d6 9. f3 Bd7 10. Qd2 a5 11. a3 a4 12. Nxa4 Nxd4 13. Qxd4 Bxa4 14. 0-0 Bxb3 15. cxb3 Ng4 16. Qd2 Nxe3 17. Qxe3 Bxb2 18. Rab1 Bg7 19. a4 Rc8 20. Kh1 Rc3 21. Qa7 Qa8 22. Qb6 Rfc8 23. Qb5 Qa6 24. Qd7 R3c7 25. Qg4 e6 26. Qg3 Rc3 27. Rfd1 Be5 28. Qf2 Rc2 29. Rd2 Rc1+ 30. Rd1 Rxb1 31. Rxb1 Qd3 32. Qa2 Rc2 33. Qa3 Qd2 34. Rg1 Bd4 35. Qxd6 Bxg1 36. Qb8+ Kg7 37. Qe5+ f6 0-1

[Event "Titled Tuesday intern op 14th April"]
[Site "Chess.com INT"]
[Date "2020.04.14"]
[Round "5"]
[White "Stead, Kerry"]
[Black "Schnabel, Johann Emil"]
[Result "1-0"]
[WhiteElo "1978"]
[BlackElo "1744"]
[PlyCount "71"]
[EventDate "2020.04.14"]
[EventType "swiss (blitz)"]
[EventRounds "10"]
[EventCountry "USA"]
[SourceTitle "EXT 2021"]
[Source "ChessBase"]
[SourceDate "2020.10.23"]
[SourceVersion "1"]
[SourceVersionDate "2020.10.23"]
[SourceQuality "1"]

1. d4 Nf6 2. f3 g6 3. e4 d6 4. Be3 Bg7 5. Qd2 0-0 6. Ne2 Nbd7 7. a4 a6 8. Na3 e5 9. d5 Nb6 10. Nc3 Nh5 11. 0-0-0 Bd7 12. a5 Nc8 13. Bd3 b6 14. axb6 cxb6 15. Ne2 b5 16. Bg5 Nf6 17. g4 Qb6 18. Be3 Qb8 19. Qa5 Ne7 20. Ng3 Rc8 21. Kb1 b4 22. Nc4 b3 23. c3 Bb5 24. Nb6 Bxd3+ 25. Rxd3 Qc7 26. Qa3 Rab8 27. Nxc8 Nxc8 28. Qxa6 Nb6 29. Bxb6 Rxb6 30. Qa8+ Bf8 31. Kc1 Qc4 32. Kd2 Ra6 33. Qb7 Ra2 34. Rb1 Bh6+ 35. Ke2 Bf4 36. Qc6 1-0

[Event "Titled Tuesday intern op 7th April"]
[Site "Chess.com INT"]
[Date "2020.04.07"]
[Round "2"]
[White "Vusatiuk, Vladimir"]
[Black "Schnabel, Johann Emil"]
[Result "1-0"]
[WhiteElo "2323"]
[BlackElo "1744"]
[PlyCount "57"]
[EventDate "2020.04.07"]
[EventType "swiss (blitz)"]
[EventRounds "10"]
[EventCountry "USA"]
[SourceTitle "EXT 2021"]
[Source "ChessBase"]
[SourceDate "2020.10.23"]
[SourceVersion "1"]
[SourceVersionDate "2020.10.23"]
[SourceQuality "1"]

1. e4 c5 2. Nf3 Nc6 3. Bb5 g6 4. Bxc6 bxc6 5. 0-0 Bg7 6. c3 d5 7. e5 Qc7 8. Re1 Bg4 9. d4 cxd4 10. cxd4 e6 11. b3 Ne7 12. Ba3 0-0 13. Nc3 Rfc8 14. Na4 Nf5 15. Bc5 Bf8 16. h3 Bxf3 17. Qxf3 Bxc5 18. dxc5 Rab8 19. g4 Ng7 20. Nb2 Qe7 21. Rac1 h5 22. Nd3 Kh7 23. Nf4 hxg4 24. hxg4 Rh8 25. Kg2 Ne8 26. Rh1+ Kg7 27. Rxh8 Kxh8 28. Rh1+ Kg7 29. Qh3 1-0

[Event "RSA-chT Regions"]
[Site "Boksburg"]
[Date "2020.01.10"]
[Round "4.2"]
[White "Simpson, Michael"]
[Black "Schnabel, Johann Emil"]
[Result "1/2-1/2"]
[WhiteElo "1679"]
[BlackElo "1784"]
[PlyCount "112"]
[EventDate "2020.01.09"]
[EventType "team-swiss"]
[EventRounds "7"]
[EventCountry "RSA"]
[SourceTitle "CBM 194 Extra"]
[Source "ChessBase"]
[SourceDate "2020.03.31"]
[SourceVersion "1"]
[SourceVersionDate "2020.03.31"]
[SourceQuality "1"]
[WhiteTeam "Ekurhuleni Patzer Smashers"]
[BlackTeam "Western Province Youth"]
[WhiteTeamCountry "RSA"]
[BlackTeamCountry "RSA"]

1. e4 c5 2. Nc3 Nc6 3. f4 g6 4. Nf3 Bg7 5. Bc4 e6 6. d3 Nge7 7. 0-0 0-0 8. f5 exf5 9. Qe1 Na5 10. Bb3 Nxb3 11. axb3 d5 12. Qh4 fxe4 13. dxe4 dxe4 14. Nxe4 Nf5 15. Qxd8 Rxd8 16. Nxc5 Nd4 17. Rf2 Nxf3+ 18. Rxf3 Rd1+ 19. Kf2 Bd4+ 20. Ke2 Rxc1 21. Rxc1 Bxc5 22. h3 Be6 23. Rd1 Rc8 24. c4 Re8 25. Kf1 Kf8 26. Rd2 Ke7 27. Rfd3 Bb4 28. Re2 Rd8 29. Ree3 Rc8 30. Re5 Rc5 31. Rdd5 b6 32. Ke2 Kf6 33. Rxc5 Bxc5 34. Re4 h5 35. Kf3 Bf5 36. Re2 Bb4 37. Ke3 Ke5 38. Kf3+ Kd4 39. g4 hxg4+ 40. hxg4 Be6 41. Kf4 Kd3 42. Rf2 Bc5 43. Rg2 Bd4 44. Kg5 Ke3 45. Rc2 Kf3 46. b4 Bxg4 47. c5 bxc5 48. bxc5 Bf5 49. Rc4 Bxb2 50. c6 Bc8 51. Rf4+ Ke3 52. Rxf7 Kd4 53. Rxa7 Kd5 54. Ra8 Bf5 55. c7 Bc1+ 56. Kf6 Bb2+ 1/2-1/2

[Event "RSA-ch U12"]
[Site "Waterkloof"]
[Date "2015.04.06"]
[Round "4"]
[White "Bedesi, Tahil Tiresh"]
[Black "Schnabel, Johann Emil"]
[Result "0-1"]
[WhiteElo "1192"]
[BlackElo "1323"]
[PlyCount "112"]
[EventDate "2015.04.04"]
[EventType "swiss"]
[EventRounds "9"]
[EventCountry "RSA"]
[SourceTitle "CBM 166 Extra"]
[Source "ChessBase"]
[SourceDate "2015.06.18"]
[SourceVersion "1"]
[SourceVersionDate "2015.06.18"]
[SourceQuality "1"]

1. d4 Nf6 2. Nf3 d5 3. e3 e6 4. Bd3 Be7 5. 0-0 0-0 6. b3 b6 7. Bb2 Bb7 8. Nbd2 Nbd7 9. Ne5 Rc8 10. f4 c5 11. Rf3 c4 12. Bxh7+ Nxh7 13. Rh3 g6 14. bxc4 Nxe5 15. fxe5 dxc4 16. c3 Ng5 17. Rg3 Ne4 18. Nxe4 Bxe4 19. Qg4 Bf5 20. Qf4 Bh4 21. Rf3 g5 22. Qxf5 exf5 23. Rxf5 g4 24. Raf1 g3 25. R1f4 gxh2+ 26. Kh1 Kh7 27. Rh5+ Kg6 28. Rhxh4 f5 29. e4 fxe4 30. Rhg4+ Kh5 31. Rxe4 Rg8 32. Rgf4 Qg5 33. Rf2 Qg3 34. Ref4 Rg5 35. R4f3 Qg4 36. Bc1 Rg6 37. Rh3+ Qxh3 38. gxh3 Rg1+ 39. Kxh2 Rxc1 40. d5 Rxc3 41. e6 Re3 42. Kg1 Rd8 43. Rd2 Rxe6 44. Kf1 Red6 45. Ke1 Rxd5 46. Rxd5+ Rxd5 47. a4 c3 48. a5 c2 49. axb6 c1Q+ 50. Kf2 Rd2+ 51. Kf3 Qc3+ 52. Ke4 Qd4+ 53. Kf5 Rf2+ 54. Ke6 Rf6+ 55. Ke7 Qd6+ 56. Ke8 Rf8# 0-1